[Event "8th EUR-ch"]
[Site "Dresden GER"]
[Date "2007.04.09"]
[Round "7.69"]
[White "Buhmann, Rainer"]
[Black "Iljushin, Alexei"]
[Result "0-1"]
[WhiteElo "2581"]
[BlackElo "2501"]
[EventDate "2007.04.03"]
[PlyCount "76"]

1.Nf3 d5 2.d4 Nf6 3.c4 c6 4.Nc3 a6 5.a4 e6 6.g3 Nbd7 7.Bg2 Bd6 8.O-O O-O 
9.Qc2 dxc4 10.Nd2 e5 11.Nxc4 Bc7 12.d5 cxd5 13.Nxd5 Nxd5 14.Bxd5 Nb6 15.
Nxb6 Bxb6 16.Qb3 Bg4 17.Be3 Bxe3 18.fxe3 Bxe2 19.Rxf7 Rxf7 20.Qxb7 Rb8 21.
Qxf7+ Kh8 22.b3 Bh5 23.Qa7 a5 24.Rf1 Bg6 25.Rc1 h6 26.Qc7 Qxd5 27.Qxb8+ 
Kh7 28.Rf1 Qe4 29.Qf8 Qxe3+ 30.Qf2 Qxb3 31.Qc5 Qxa4 32.Qxe5 Qb4 33.h4 a4 
34.h5 Bd3 35.Rf5 a3 36.Kh2 Qb2+ 37.Kh3 a2 38.Rf8 a1=Q 0-1

[Event "8th EUR-ch"]
[Site "Dresden GER"]
[Date "2007.04.09"]
[Round "7.71"]
[White "Stefansson, Hannes"]
[Black "Ragger, Markus"]
[Result "1-0"]
[WhiteElo "2576"]
[BlackElo "2498"]
[EventDate "2007.04.03"]
[PlyCount "83"]

1.e4 e5 2.Nf3 Nc6 3.Bb5 a6 4.Ba4 Nf6 5.O-O Nxe4 6.d4 b5 7.Bb3 d5 8.dxe5 
Be6 9.c3 Be7 10.Nbd2 O-O 11.Bc2 f5 12.exf6 Nxf6 13.Nb3 Qd7 14.Nbd4 Bg4 15.
Nxc6 Qxc6 16.Nd4 Bxd1 17.Nxc6 Bxc2 18.Nxe7+ Kh8 19.Bg5 h6 20.Bxf6 Rxf6 21.
Nxd5 Rd6 22.Ne3 Rd2 23.f3 Rad8 24.Rf2 Bg6 25.Re1 c5 26.Rfe2 b4 27.c4 a5 
28.b3 R8d4 29.Nd5 Bf7 30.Nb6 Rxe2 31.Rxe2 Bg6 32.Na4 Rd1+ 33.Kf2 Bd3 34.
Re1 Rxe1 35.Kxe1 g5 36.Nxc5 Bb1 37.Kd2 Kg7 38.Kc1 Bf5 39.Nb7 a4 40.Nc5 
axb3 41.axb3 Kf6 42.Kd2 1-0

[Event "8th EUR-ch"]
[Site "Dresden GER"]
[Date "2007.04.09"]
[Round "7.72"]
[White "Volke, Karsten"]
[Black "Sedlak, Nikola"]
[Result "0-1"]
[WhiteElo "2490"]
[BlackElo "2575"]
[EventDate "2007.04.03"]
[PlyCount "98"]

1.d4 e6 2.c4 f5 3.Nc3 Nf6 4.Nf3 Bb4 5.Bd2 O-O 6.g3 d6 7.Bg2 Bxc3 8.Bxc3 
Ne4 9.Rc1 Nd7 10.O-O b6 11.b4 a5 12.a3 axb4 13.axb4 Bb7 14.Bb2 b5 15.cxb5 
Nb6 16.Qc2 Nd5 17.Ra1 Qd7 18.Qc4 Nb6 19.Qc2 Bd5 20.Rfc1 Nc4 21.Ne1 Qxb5 
22.f3 Nf6 23.Nd3 Rxa1 24.Rxa1 Qb6 25.Kh1 Ng4 26.Bc3 Nge3 27.Qa4 Bc6 28.Qb3
g5 29.Ne1 g4 30.Nc2 Bd5 31.Nxe3 Nxe3 32.Qa4 Qb7 33.Qd7 gxf3 34.exf3 Nxg2 
35.Kxg2 Bxf3+ 36.Kf2 Bd5 37.Qe7 Qb8 38.Bd2 Rf7 39.Qg5+ Kh8 40.Qh5 e5 41.
Ra5 Qb7 42.Qh4 Rg7 43.Qf6 f4 44.Ke1 Bg8 45.Kd1 Bb3+ 46.Kc1 Qc6+ 47.Rc5 
Qh1+ 48.Kb2 dxc5 49.Kxb3 Qd5+ 0-1

[Event "8th EUR-ch"]
[Site "Dresden GER"]
[Date "2007.04.09"]
[Round "7.74"]
[White "Stern, Rene"]
[Black "Azarov, Sergei"]
[Result "1-0"]
[WhiteElo "2476"]
[BlackElo "2571"]
[EventDate "2007.04.03"]
[PlyCount "105"]

1.d4 Nf6 2.c4 e6 3.Nc3 Bb4 4.Bd2 d5 5.e3 O-O 6.Nf3 c5 7.a3 cxd4 8.axb4 
dxc3 9.Bxc3 Nbd7 10.Qd4 dxc4 11.Rxa7 Rxa7 12.Qxa7 Qc7 13.Be2 Nd5 14.O-O b5
15.Qxc7 Nxc7 16.Ra1 Ba6 17.Nd4 Nb6 18.Ra5 Na4 19.f4 Nxc3 20.bxc3 Rb8 21.
Bf3 Rb6 22.Kf2 f6 23.g4 Kf7 24.f5 Ke7 25.fxe6 Nxe6 26.Bd5 Nc7 27.Be4 g6 
28.h4 Kf7 29.Kg3 Ne8 30.Bd5+ Ke7 31.Kf4 Nd6 32.e4 h6 33.g5 hxg5+ 34.hxg5 
Ne8 35.Nc6+ Kd6 36.Bf7 fxg5+ 37.Kxg5 Kxc6 38.Bxe8+ Kd6 39.Kf6 Kc7+ 40.Ke7 
Bc8 41.Bd7 Bxd7 42.Ra7+ Kc6 43.Rxd7 Rb8 44.Rd6+ Kc7 45.Rd5 Kc6 46.Rc5+ Kb6
47.e5 Rh8 48.e6 Rh3 49.Kd6 Rd3+ 50.Rd5 Rxd5+ 51.Kxd5 Kc7 52.Ke5 g5 53.Kf6 
1-0

[Event "8th EUR-ch"]
[Site "Dresden GER"]
[Date "2007.04.09"]
[Round "7.75"]
[White "Khismatullin, Denis"]
[Black "Iotov, Valentin"]
[Result "1-0"]
[WhiteElo "2570"]
[BlackElo "2491"]
[EventDate "2007.04.03"]
[PlyCount "97"]

1.d4 Nf6 2.c4 e6 3.g3 c5 4.d5 exd5 5.cxd5 Bd6 6.Nc3 O-O 7.Bg2 Re8 8.Nh3 
Be5 9.O-O d6 10.Nf4 Nbd7 11.Nd3 Bxc3 12.bxc3 b5 13.Re1 Bb7 14.e4 c4 15.Nf4
Nc5 16.f3 Nfd7 17.Be3 Ne5 18.Nh5 Ned3 19.Rf1 g6 20.Nf4 Nxf4 21.Bxf4 Nd3 
22.Be3 Bxd5 23.a4 a6 24.Qd2 Bc6 25.axb5 Bxb5 26.h4 Nc5 27.Rad1 Nb3 28.Qf2 
Qf6 29.f4 Bc6 30.e5 dxe5 31.Bxc6 Qxc6 32.fxe5 Re7 33.Rd6 Qe4 34.Bg5 Qxe5 
35.Bxe7 Qxe7 36.Rc6 Rd8 37.Re1 Qb7 38.Qf6 Qb8 39.Kh2 Rd3 40.Rc7 Rd2+ 41.
Kg1 Rd7 42.Re7 Rxe7 43.Qxe7 Qf8 44.Qd7 Kg7 45.Rxc4 a5 46.Kh2 Qa3 47.Rf4 
Qa2+ 48.Kh3 Nc1 49.c4 1-0

[Event "8th EUR-ch"]
[Site "Dresden GER"]
[Date "2007.04.09"]
[Round "7.76"]
[White "Palac, Mladen"]
[Black "Jaracz, Pawel"]
[Result "1/2-1/2"]
[WhiteElo "2568"]
[BlackElo "2490"]
[EventDate "2007.04.03"]
[PlyCount "37"]

1.e4 c5 2.Nf3 e6 3.d4 cxd4 4.Nxd4 Nc6 5.Nb5 d6 6.c4 Nf6 7.N5c3 a6 8.Na3 b6
9.Be2 Be7 10.O-O Bb7 11.Bf4 O-O 12.Rc1 Re8 13.Qd2 Ne5 14.Rfd1 Qc7 15.f3 
Rac8 16.Bf1 Qb8 17.Kh1 h5 18.Be3 Ba8 19.Bf2 1/2-1/2

[Event "8th EUR-ch"]
[Site "Dresden GER"]
[Date "2007.04.09"]
[Round "7.77"]
[White "Bindrich, Falko"]
[Black "Brkic, Ante"]
[Result "1/2-1/2"]
[WhiteElo "2469"]
[BlackElo "2567"]
[EventDate "2007.04.03"]
[PlyCount "27"]

1.e4 c5 2.Nf3 d6 3.d4 cxd4 4.Nxd4 Nf6 5.Nc3 a6 6.Be3 e5 7.Nf3 Be7 8.Bc4 
O-O 9.O-O Be6 10.Bxe6 fxe6 11.Na4 Nfd7 12.c4 Nc6 13.Rc1 Nc5 14.Nxc5 
1/2-1/2

[Event "8th EUR-ch"]
[Site "Dresden GER"]
[Date "2007.04.09"]
[Round "7.78"]
[White "Kurnosov, Igor"]
[Black "Cornette, Matthieu"]
[Result "1-0"]
[WhiteElo "2566"]
[BlackElo "2490"]
[EventDate "2007.04.03"]
[PlyCount "73"]

1.e4 c5 2.Nf3 Nc6 3.d4 cxd4 4.Nxd4 g6 5.c4 Bg7 6.Be3 Nf6 7.Nc3 d6 8.Be2 
O-O 9.O-O Bd7 10.Qd2 Nxd4 11.Bxd4 Bc6 12.f3 a5 13.b3 Nd7 14.Bf2 Nc5 15.
Rab1 e6 16.Rfd1 Be5 17.Bf1 Qe7 18.a3 Qf6 19.Bd4 Rfd8 20.b4 axb4 21.axb4 
Na4 22.Bxe5 Qxe5 23.Ne2 Nb6 24.Nd4 Ba4 25.Rdc1 d5 26.f4 Qg7 27.cxd5 Nxd5 
28.Nxe6 fxe6 29.exd5 Rxd5 30.Qe1 Qd7 31.Bc4 Rd6 32.f5 gxf5 33.Qg3+ Kf7 34.
Qe5 Bc2 35.Rxc2 Rd1+ 36.Kf2 Rxb1 37.Bxe6+ 1-0

[Event "8th EUR-ch"]
[Site "Dresden GER"]
[Date "2007.04.09"]
[Round "7.80"]
[White "Oleksienko, Mikhailo"]
[Black "Hera, Imre"]
[Result "0-1"]
[WhiteElo "2560"]
[BlackElo "2477"]
[EventDate "2007.04.03"]
[PlyCount "56"]

1.e4 e5 2.Nf3 Nf6 3.d4 Nxe4 4.Bd3 d5 5.Nxe5 Nd7 6.Nxd7 Bxd7 7.O-O Bd6 8.c4
c6 9.cxd5 cxd5 10.Qh5 O-O 11.Qxd5 Bc6 12.Qh5 g6 13.Qh3 Ng5 14.Qg4 Ne6 15.
Bh6 Re8 16.Nc3 Nxd4 17.Rad1 Be5 18.f4 f5 19.Qg3 Bf6 20.Bc4+ Kh8 21.Bg5 
Bxg5 22.fxg5 Qb6 23.Kh1 Rad8 24.b3 Qc5 25.Qh3 Nc2 26.Nd5 Rxd5 27.Qc3+ Rde5
28.Qxc2 b5 0-1

[Event "8th EUR-ch"]
[Site "Dresden GER"]
[Date "2007.04.09"]
[Round "7.81"]
[White "Drozdovskij, Yuri"]
[Black "Urban, Klaudiusz"]
[Result "1/2-1/2"]
[WhiteElo "2558"]
[BlackElo "2464"]
[EventDate "2007.04.03"]
[PlyCount "64"]

1.d4 Nf6 2.c4 g6 3.Nc3 Bg7 4.e4 d6 5.f3 O-O 6.Bg5 a6 7.Qd2 c5 8.d5 b5 9.
cxb5 Qa5 10.a4 Nbd7 11.Nh3 Nb6 12.bxa6 Bxa6 13.Nb5 Bb7 14.Qxa5 Rxa5 15.Nc3
Rfa8 16.Bd2 c4 17.Rb1 Nfd7 18.b4 cxb3 19.Rxb3 Bxc3 20.Bxc3 Rxa4 21.Bb5 Ra3
22.Rxa3 Rxa3 23.Bd4 Ba6 24.Bxa6 Rxa6 25.Kf2 Ra2+ 26.Kg3 Rd2 27.Bf2 Nc5 28.
Rb1 Nbd7 29.Be1 Ra2 30.Nf2 f6 31.h4 h5 32.Bc3 Kf7 1/2-1/2

[Event "8th EUR-ch"]
[Site "Dresden GER"]
[Date "2007.04.09"]
[Round "7.82"]
[White "Iskusnyh, Sergei"]
[Black "Godena, Michele"]
[Result "1-0"]
[WhiteElo "2463"]
[BlackElo "2558"]
[EventDate "2007.04.03"]
[PlyCount "72"]

1.d4 d5 2.c4 c6 3.Nf3 Nf6 4.e3 e6 5.Bd3 Nbd7 6.b3 Bb4+ 7.Bd2 Bd6 8.Nc3 O-O
9.O-O a6 10.Qc2 h6 11.Ne2 Re8 12.Ng3 e5 13.cxd5 Nxd5 14.e4 Nb4 15.Bxb4 
Bxb4 16.dxe5 Qa5 17.a3 Bf8 18.b4 Qc7 19.Rad1 a5 20.Bc4 Nxe5 21.Nxe5 Qxe5 
22.f4 Qe7 23.f5 axb4 24.axb4 Qxb4 25.Kh1 Ra3 26.Qe2 Qe7 27.f6 gxf6 28.Qh5 
Bg7 29.e5 Rxg3 30.exf6 Bxf6 31.hxg3 Be6 32.Rde1 Bg7 33.Rf4 Qg5 34.Qf3 Be5 
35.Rfe4 Bg7 36.Bxe6 Rxe6 1-0

[Event "8th EUR-ch"]
[Site "Dresden GER"]
[Date "2007.04.09"]
[Round "7.83"]
[White "Berelovich, Aleksandar"]
[Black "Siebrecht, Sebastian"]
[Result "0-1"]
[WhiteElo "2556"]
[BlackElo "2464"]
[EventDate "2007.04.03"]
[PlyCount "136"]

1.e4 c5 2.Nf3 e6 3.d4 cxd4 4.Nxd4 a6 5.Be2 Nf6 6.Nc3 Qc7 7.O-O Be7 8.f4 d6
9.Be3 Nc6 10.Qe1 Nxd4 11.Bxd4 b5 12.a3 Bb7 13.Qg3 O-O 14.Kh1 g6 15.Bf3 
Rfe8 16.Rae1 Rad8 17.h4 Qc4 18.Rd1 d5 19.exd5 exd5 20.h5 Ne4 21.Qh3 Bf6 
22.hxg6 fxg6 23.Bxe4 Bxd4 24.Bd3 Qc5 25.f5 Re3 26.Qh4 Rd6 27.f6 Rxf6 28.
Rxf6 Bxf6 29.Qxf6 d4 30.Ne2 Qh5+ 31.Kg1 Bxg2 32.Qd8+ Kf7 33.Qc7+ Kf8 34.
Qh2 Bh3 35.Qb8+ Kg7 36.Qc7+ Kg8 37.Qb8+ Kf7 38.Qf4+ Kg8 39.Rd2 Rf3 40.Ng3 
Rxf4 41.Nxh5 gxh5 42.Rf2 Rxf2 43.Kxf2 Kg7 44.Kg3 Be6 45.Kf4 h4 46.a4 Bc4 
47.axb5 axb5 48.Bf5 Bf1 49.b4 h6 50.Ke5 h3 51.Kf4 Kf6 52.Bg4 Ke7 53.Kg3 
Kd6 54.Bf3 Ke5 55.Bc6 Kd6 56.Bf3 Bg2 57.Be2 Be4 58.Bxb5 Bxc2 59.Be8 Bf5 
60.Ba4 Bd7 61.Bc2 Ke5 62.Bd3 Bf5 63.Be2 d3 64.Bf3 Be4 65.Bd1 Bg2 66.Bg4 
Kd5 67.Bf5 d2 68.Kg4 Kc4 0-1

[Event "8th EUR-ch"]
[Site "Dresden GER"]
[Date "2007.04.09"]
[Round "7.85"]
[White "Ovetchkin, Roman"]
[Black "Saric, Ivan"]
[Result "1-0"]
[WhiteElo "2554"]
[BlackElo "2463"]
[EventDate "2007.04.03"]
[PlyCount "113"]

1.d4 Nf6 2.Nf3 g6 3.g3 Bg7 4.Bg2 O-O 5.O-O d6 6.Nc3 Nbd7 7.a4 a5 8.d5 Nc5 
9.Nd4 e5 10.dxe6 fxe6 11.e4 e5 12.Ndb5 Be6 13.Be3 b6 14.Nd5 Nxd5 15.exd5 
Bf5 16.h3 Qe7 17.Nc3 Rae8 18.Qd2 h5 19.Kh2 e4 20.Rae1 Bxc3 21.Qxc3 Nxa4 
22.Qc4 Nc5 23.Bd4 Qf7 24.b3 h4 25.Re3 Kh7 26.Bb2 Bc8 27.Qd4 Re5 28.c4 b5 
29.f4 hxg3+ 30.Rxg3 Rh5 31.f5 Bxf5 32.cxb5 Nd3 33.Bc3 Ne5 34.Bxe4 Rh4 35.
Rxf5 Qxf5 36.Bxf5 Rxd4 37.Bxg6+ Nxg6 38.Bxd4 Rb8 39.Rc3 Rb7 40.b6 cxb6 41.
Rc6 Ne7 42.Rxb6 Rxb6 43.Bxb6 Nxd5 44.Bxa5 Kg6 45.Kg3 Kf5 46.Kf3 Ne7 47.Bc3
Nc6 48.b4 Na7 49.h4 Nb5 50.Bd2 d5 51.h5 Nd4+ 52.Kf2 Nb3 53.Ke3 Kg5 54.Kd3+
Kxh5 55.Ke3 Nxd2 56.Kxd2 Kg4 57.b5 1-0

[Event "8th EUR-ch"]
[Site "Dresden GER"]
[Date "2007.04.09"]
[Round "7.86"]
[White "Kaplan, Sasha"]
[Black "Zelcic, Robert"]
[Result "0-1"]
[WhiteElo "2429"]
[BlackElo "2554"]
[EventDate "2007.04.03"]
[PlyCount "110"]

1.e4 c6 2.c4 d5 3.cxd5 cxd5 4.exd5 Nf6 5.Bb5+ Nbd7 6.Nc3 a6 7.Qa4 Rb8 8.
Bxd7+ Bxd7 9.Qb3 b5 10.a3 Bc8 11.Nf3 Bb7 12.O-O Nxd5 13.Ne5 e6 14.d4 Be7 
15.Nxd5 Qxd5 16.Qg3 O-O 17.Be3 Bh4 18.Qh3 Bf6 19.Qg3 Rbc8 20.Rac1 h5 21.h3
Rfd8 22.Rfe1 Qe4 23.Rcd1 h4 24.Qg4 Qxg4 25.Nxg4 Be7 26.Rc1 f6 27.f3 Bd6 
28.Rxc8 Rxc8 29.Rc1 Rd8 30.Kf1 Bd5 31.Bf2 Bc4+ 32.Ke1 Bf4 33.Rd1 Rc8 34.
Be3 Bc7 35.Rc1 Kf7 36.Bf2 Ba5+ 37.b4 Bb6 38.Kd2 g5 39.Be3 a5 40.Nf2 axb4 
41.axb4 Ra8 42.Nd3 e5 43.Nc5 exd4 44.Bxd4 Ra2+ 45.Rc2 Rxc2+ 46.Kxc2 Bf1 
47.f4 Bxg2 48.fxg5 fxg5 49.Kd2 Bxh3 50.Ke1 Bf5 51.Be5 g4 52.Kf1 Kg6 53.Kg2
Bxc5 54.bxc5 b4 55.Kf2 Be4 0-1

[Event "8th EUR-ch"]
[Site "Dresden GER"]
[Date "2007.04.09"]
[Round "7.87"]
[White "Cao, Sang"]
[Black "Pert, Richard"]
[Result "1/2-1/2"]
[WhiteElo "2548"]
[BlackElo "2455"]
[EventDate "2007.04.03"]
[PlyCount "44"]

1.e4 c5 2.Nf3 d6 3.Nc3 Nf6 4.e5 dxe5 5.Nxe5 Nbd7 6.Nc4 Nb6 7.Ne3 Bd7 8.Qf3
Bc6 9.Bb5 Bxb5 10.Nxb5 Qd7 11.Nc3 e6 12.b3 Be7 13.Bb2 O-O 14.O-O Nfd5 15.
Rad1 Bf6 16.Ncxd5 Nxd5 17.Ba3 Rfc8 18.Ng4 c4 19.d3 c3 20.d4 a5 21.Bc1 a4 
22.Rd3 axb3 1/2-1/2

[Event "8th EUR-ch"]
[Site "Dresden GER"]
[Date "2007.04.09"]
[Round "7.88"]
[White "Can, Emre"]
[Black "Mastrovasilis, Dimitrios"]
[Result "0-1"]
[WhiteElo "2404"]
[BlackElo "2546"]
[EventDate "2007.04.03"]
[PlyCount "60"]

1.e4 c5 2.Nf3 e6 3.c3 Nf6 4.e5 Nd5 5.d4 cxd4 6.cxd4 d6 7.Bc4 Nb6 8.Bd3 Nc6
9.O-O Nb4 10.Bg5 Be7 11.Bxe7 Qxe7 12.Be4 d5 13.Bd3 Nxd3 14.Qxd3 Bd7 15.Nc3
O-O 16.h4 h6 17.Rac1 Rac8 18.g3 Nc4 19.b3 Na3 20.Kg2 b5 21.Nb1 a5 22.g4 b4
23.Nxa3 bxa3 24.Rh1 a4 25.bxa4 Rc4 26.Rb1 Bxa4 27.Rb6 Bc2 28.Qe3 Qc7 29.
Rd6 Rc3 30.Qf4 Rxf3 0-1

[Event "8th EUR-ch"]
[Site "Dresden GER"]
[Date "2007.04.09"]
[Round "7.89"]
[White "Richter, Michael"]
[Black "Mastrovasilis, Athanasios"]
[Result "0-1"]
[WhiteElo "2396"]
[BlackElo "2543"]
[EventDate "2007.04.03"]
[PlyCount "64"]

1.d4 d5 2.c4 e6 3.Nc3 Be7 4.Nf3 Nf6 5.g3 O-O 6.Bg2 dxc4 7.O-O Nc6 8.e3 Rb8
9.Qe2 b5 10.Rd1 Nb4 11.Ne5 Nd7 12.b3 Nxe5 13.dxe5 Qe8 14.bxc4 bxc4 15.Qxc4
Ba6 16.Qxc7 Rc8 17.Qa5 Rxc3 18.Bd2 Rc5 19.Qxb4 Rxe5 20.Qd4 Rc5 21.Bb4 Rc7 
22.Ba5 Rc5 23.Bb4 Rc7 24.Ba5 Rc5 25.Bc3 e5 26.Qd2 Qc8 27.Rdc1 Rd8 28.Qb2 
Rb5 29.Qc2 Ba3 30.Rcb1 Rxb1+ 31.Rxb1 Bd3 32.Qb3 Bxb1 0-1

[Event "8th EUR-ch"]
[Site "Dresden GER"]
[Date "2007.04.09"]
[Round "7.91"]
[White "Georgiev, Vladimir"]
[Black "Gasthofer, Alexander"]
[Result "1-0"]
[WhiteElo "2540"]
[BlackElo "2453"]
[EventDate "2007.04.03"]
[PlyCount "163"]

1.d4 e6 2.c4 Nf6 3.Nc3 d5 4.cxd5 exd5 5.Bg5 Be7 6.e3 O-O 7.Bd3 c6 8.Nge2 
Nbd7 9.Qc2 Re8 10.O-O Nf8 11.f3 Be6 12.Kh1 N6d7 13.Bxe7 Qxe7 14.e4 dxe4 
15.fxe4 c5 16.d5 Bg4 17.Ng3 Ne5 18.Bb5 Red8 19.a4 a6 20.Be2 g6 21.a5 Bxe2 
22.Ncxe2 Rab8 23.Nf4 Nfd7 24.Qd2 Qd6 25.Nh3 Re8 26.Qf4 f6 27.Nf2 Nf7 28.
Qh4 Nfe5 29.Nh3 b6 30.Nf4 bxa5 31.Ne6 Qe7 32.Rxa5 Rb6 33.Qh6 Nc4 34.Ra2 
Nxb2 35.Ra3 Nf8 36.Nf5 Qf7 37.Qh4 gxf5 38.exf5 Kh8 39.Rg3 Nd7 40.Rg7 Qxg7 
41.Nxg7 Kxg7 42.Qg3+ Kf8 43.Qc7 Re7 44.d6 Rf7 45.Re1 Nc4 46.h3 Rxd6 47.Kh2
Kg7 48.Re4 Nde5 49.Qxc5 Rd2 50.Rxc4 Nxc4 51.Qxc4 Rd6 52.Qg4+ Kf8 53.Qb4 
Rd7 54.g4 Kg7 55.Kg3 Rd3+ 56.Kh4 Re3 57.Qb6 Rf3 58.Qe6 Rb7 59.Qe4 Rfb3 60.
Qd5 R3b5 61.Qd2 Rb2 62.Qa5 Rh2 63.Qc3 Rhb2 64.g5 R2b6 65.Kh5 Rf7 66.h4 Rb5
67.Kg4 a5 68.Qa1 Rb4+ 69.Kh5 a4 70.Qg1 Rb5 71.gxf6+ Kf8 72.Kg5 Rfb7 73.Qd4
Rb4 74.Qd8+ Kf7 75.Qh8 a3 76.Qxh7+ Kf8 77.Qh8+ Kf7 78.Qg7+ Ke8 79.Qg8+ Kd7
80.Qe6+ Kd8 81.f7 Rb8 82.f8=Q+ 1-0

[Event "8th EUR-ch"]
[Site "Dresden GER"]
[Date "2007.04.09"]
[Round "7.94"]
[White "Graf, Alexander"]
[Black "Zeller, Frank"]
[Result "1-0"]
[WhiteElo "2620"]
[BlackElo "2429"]
[EventDate "2007.04.03"]
[PlyCount "59"]

1.d4 Nf6 2.c4 e6 3.Nc3 Be7 4.e3 O-O 5.Nf3 d5 6.Be2 dxc4 7.Bxc4 c5 8.O-O b6
9.dxc5 Bxc5 10.Qe2 Bb7 11.e4 Nbd7 12.e5 Bxf3 13.gxf3 Nh5 14.Rd1 Qe7 15.f4 
g6 16.f5 exf5 17.e6 Ndf6 18.exf7+ Kg7 19.Qxe7 Bxe7 20.Nb5 Rac8 21.Bb3 Bc5 
22.Nxa7 Ra8 23.Nb5 Ng4 24.Nc7 Nxf2 25.Ne6+ Kh8 26.Nxc5 Nxd1 27.Nd7 Rxf7 
28.Bxf7 Ra7 29.Ne5 f4 30.Bd2 1-0

[Event "8th EUR-ch"]
[Site "Dresden GER"]
[Date "2007.04.09"]
[Round "7.95"]
[White "Hracek, Zbynek"]
[Black "Swinkels, Robin"]
[Result "1-0"]
[WhiteElo "2613"]
[BlackElo "2422"]
[EventDate "2007.04.03"]
[PlyCount "69"]

1.e4 c5 2.Nf3 d6 3.d4 cxd4 4.Nxd4 Nf6 5.Nc3 Nc6 6.Bg5 e6 7.Qd2 a6 8.O-O-O 
Bd7 9.f3 Be7 10.Be3 Qc7 11.g4 Ne5 12.g5 Nh5 13.f4 Nc4 14.Bxc4 Qxc4 15.Kb1 
Rc8 16.f5 b5 17.fxe6 fxe6 18.e5 d5 19.g6 Qc7 20.Bg5 Qd8 21.Bxe7 Qxe7 22.
gxh7 Rxh7 23.Rhg1 Kf7 24.Nce2 Rf8 25.Qa5 Bc8 26.Nc6 Qd7 27.Rdf1+ Ke8 28.
Rxf8+ Kxf8 29.Rf1+ Ke8 30.Ned4 Bb7 31.Nd8 g5 32.N8xe6 Nf4 33.Nxg5 Rxh2 34.
a3 Qg4 35.Ngf3 1-0

[Event "8th EUR-ch"]
[Site "Dresden GER"]
[Date "2007.04.09"]
[Round "7.96"]
[White "Marzolo, Cyril"]
[Black "Kritz, Leonid"]
[Result "0-1"]
[WhiteElo "2459"]
[BlackElo "2593"]
[EventDate "2007.04.03"]
[PlyCount "82"]

1.d4 d5 2.c4 c6 3.Nf3 Nf6 4.Nc3 a6 5.cxd5 cxd5 6.Bf4 Nc6 7.e3 e6 8.Be2 Be7
9.O-O Nh5 10.Be5 f6 11.Bg3 Nxg3 12.hxg3 f5 13.Rc1 Bd6 14.Na4 g5 15.Qb3 Rb8
16.Nb6 Bd7 17.Nxd7 Kxd7 18.Qa4 g4 19.Ne5+ Bxe5 20.dxe5 Qa5 21.Qf4 Qb4 22.
Bd3 h5 23.Rfd1 Qxf4 24.gxf4 Nb4 25.Bb1 Rbc8 26.Rc3 b5 27.Rb3 Rc4 28.a3 Nc6
29.Bd3 Rc5 30.a4 Na5 31.Rc3 Rxc3 32.bxc3 Kc6 33.axb5+ axb5 34.f3 Nc4 35.e4
gxf3 36.exd5+ exd5 37.g3 Nb2 38.Bxb5+ Kxb5 39.Rb1 Kc4 40.Rxb2 Kxc3 41.Rb7 
h4 0-1

[Event "8th EUR-ch"]
[Site "Dresden GER"]
[Date "2007.04.09"]
[Round "7.99"]
[White "Figura, Atila Gajo"]
[Black "Atalik, Suat"]
[Result "0-1"]
[WhiteElo "2416"]
[BlackElo "2584"]
[EventDate "2007.04.03"]
[PlyCount "66"]

1.d4 d5 2.c4 c6 3.Nf3 Nf6 4.e3 e6 5.Nbd2 Nbd7 6.Bd3 c5 7.cxd5 exd5 8.b3 
cxd4 9.Nxd4 Nc5 10.Be2 Bd6 11.O-O O-O 12.Bb2 Bd7 13.Nb5 Be7 14.Rc1 Qb6 15.
Nd4 Rfe8 16.Qc2 Bf8 17.a3 Rac8 18.Qb1 a6 19.b4 Nce4 20.Nxe4 Nxe4 21.Rxc8 
Rxc8 22.Rc1 Nd2 23.Qa2 Nc4 24.Qb3 a5 25.Bxc4 dxc4 26.Rxc4 Rxc4 27.Qxc4 
axb4 28.axb4 Bxb4 29.h3 Bf8 30.Qc2 Qb4 31.Qc3 Qa4 32.Qc7 Bc6 33.Nxc6 Qd1+ 
0-1

[Event "8th EUR-ch"]
[Site "Dresden GER"]
[Date "2007.04.09"]
[Round "7.101"]
[White "Sanikidze, Tornike"]
[Black "Halkias, Stelios"]
[Result "1/2-1/2"]
[WhiteElo "2426"]
[BlackElo "2569"]
[EventDate "2007.04.03"]
[PlyCount "75"]

1.d4 Nf6 2.c4 e6 3.Nf3 d5 4.Nc3 Bb4 5.cxd5 exd5 6.Bg5 Nbd7 7.e3 c5 8.Bd3 
Qa5 9.O-O c4 10.Bf5 O-O 11.Qc1 Re8 12.Nd2 g6 13.Bb1 b5 14.a3 Bxc3 15.bxc3 
Ne4 16.Bxe4 dxe4 17.Qb1 Bb7 18.Nxc4 bxc4 19.Qxb7 Nb6 20.h4 Nd5 21.f3 Rab8 
22.Qd7 Qb5 23.Qg4 f5 24.Qh3 exf3 25.Rxf3 Qd7 26.h5 Rb6 27.hxg6 hxg6 28.Qh2
Qg7 29.Rh3 Nxc3 30.Bh6 Qb7 31.e4 Rb1+ 32.Bc1 Qg7 33.Rxb1 Nxb1 34.e5 c3 35.
g4 Nd2 36.Bxd2 cxd2 37.Qxd2 fxg4 38.Qa2+ 1/2-1/2

[Event "8th EUR-ch"]
[Site "Dresden GER"]
[Date "2007.04.09"]
[Round "7.104"]
[White "Khmelniker, Ilya"]
[Black "Sulskis, Sarunas"]
[Result "1/2-1/2"]
[WhiteElo "2411"]
[BlackElo "2528"]
[EventDate "2007.04.03"]
[PlyCount "69"]

1.d4 Nf6 2.c4 e6 3.Nf3 b6 4.g3 Ba6 5.Qc2 Bb7 6.Bg2 c5 7.d5 exd5 8.cxd5 
Nxd5 9.O-O Nc7 10.Rd1 Be7 11.Nc3 a6 12.Ne4 d5 13.Nh4 Bxh4 14.gxh4 Nc6 15.
Bf4 O-O 16.Ng5 g6 17.h5 Ne6 18.Nxe6 fxe6 19.e3 gxh5 20.Kh1 Kh8 21.Qe2 Rxf4
22.exf4 Qf6 23.Qxh5 Qxf4 24.Rd3 Nd4 25.Rh3 Qf5 26.Qh4 Rg8 27.Rg3 Rf8 28.
Re1 Qf6 29.Qh5 Nf5 30.Rh3 Rf7 31.a4 c4 32.Qe2 Nd4 33.Qh5 Nf5 34.Qe2 Nd4 
35.Qh5 1/2-1/2

[Event "8th EUR-ch"]
[Site "Dresden GER"]
[Date "2007.04.09"]
[Round "7.105"]
[White "Zude, Erik"]
[Black "David, Alberto"]
[Result "1/2-1/2"]
[WhiteElo "2401"]
[BlackElo "2525"]
[EventDate "2007.04.03"]
[PlyCount "82"]

1.e4 e5 2.Nf3 Nc6 3.Bb5 a6 4.Ba4 Nf6 5.O-O Be7 6.Re1 b5 7.Bb3 O-O 8.c3 d6 
9.h3 Nb8 10.d4 Nbd7 11.Nbd2 Bb7 12.Bc2 Re8 13.Nf1 Bf8 14.Ng3 g6 15.a4 c5 
16.d5 c4 17.Bg5 h6 18.Be3 Nc5 19.Qd2 h5 20.Bg5 Be7 21.Ra3 Nfd7 22.Be3 Bf6 
23.b4 cxb3 24.Bxb3 Nb6 25.c4 Nxb3 26.Rxb3 Nxc4 27.Qe2 Qa5 28.Reb1 Nxe3 29.
Qxe3 Qxa4 30.Qb6 Rab8 31.Qxd6 Be7 32.Qxe5 Bh4 33.Qc7 Bxg3 34.Qxg3 Qxe4 35.
Re1 Qxd5 36.Rbe3 Bc6 37.Nh4 Kg7 38.Re5 Rxe5 39.Rxe5 Qd1+ 40.Kh2 Re8 41.
Nf5+ Kh7 1/2-1/2

[Event "8th EUR-ch"]
[Site "Dresden GER"]
[Date "2007.04.09"]
[Round "7.107"]
[White "Estremera Panos, Sergio"]
[Black "Winants, Luc"]
[Result "0-1"]
[WhiteElo "2386"]
[BlackElo "2524"]
[EventDate "2007.04.03"]
[PlyCount "82"]

1.d4 e6 2.c4 Bb4+ 3.Nd2 b6 4.Nf3 Bb7 5.a3 Bxd2+ 6.Bxd2 d6 7.Qc2 Nf6 8.Bg5 
Nbd7 9.e3 h6 10.Bh4 Qe7 11.Rd1 g5 12.Bg3 Ne4 13.Bd3 f5 14.d5 Ndc5 15.Nd4 
O-O-O 16.Bxe4 fxe4 17.Nxe6 Nxe6 18.dxe6 Qxe6 19.b4 Rh7 20.O-O Rhd7 21.a4 
h5 22.c5 dxc5 23.Rxd7 Rxd7 24.bxc5 h4 25.Be5 Qxe5 26.c6 Bxc6 27.Qxc6 Qd5 
28.Qf6 Kb7 29.h3 a5 30.Rc1 Rd6 31.Qe7 Rd7 32.Qf6 Rf7 33.Qc3 Qe6 34.Rc2 Rd7
35.Rc1 g4 36.hxg4 Qxg4 37.Qc6+ Kb8 38.Rc4 h3 39.Qxe4 Qd1+ 40.Kh2 hxg2 41.
Kxg2 Rg7+ 0-1

[Event "8th EUR-ch"]
[Site "Dresden GER"]
[Date "2007.04.09"]
[Round "7.110"]
[White "Meinhardt, Maximilian"]
[Black "Petrik, Tomas"]
[Result "0-1"]
[WhiteElo "2376"]
[BlackElo "2522"]
[EventDate "2007.04.03"]
[PlyCount "76"]

1.e4 e6 2.d4 d5 3.Nc3 Bb4 4.e5 Ne7 5.a3 Bxc3+ 6.bxc3 c5 7.Qg4 O-O 8.Bd3 
Nbc6 9.Qh5 Ng6 10.Nh3 Qc7 11.Ng5 h6 12.Nxf7 Qxf7 13.Qxg6 Qxg6 14.Bxg6 cxd4
15.cxd4 Nxd4 16.Be3 Nc6 17.f4 Bd7 18.O-O b6 19.Rae1 Rac8 20.Bd3 Na5 21.Bd2
Nc4 22.Bb4 Rfe8 23.Bg6 Red8 24.Bh5 Rc6 25.Rf3 Be8 26.Bg4 Bg6 27.Re2 Re8 
28.Bh3 Be4 29.Rb3 Kf7 30.g4 Rh8 31.Bf1 h5 32.Rh3 g6 33.Rf2 Rcc8 34.gxh5 
Rxh5 35.Rxh5 gxh5 36.Be2 Kg6 37.Bd3 Kf5 38.Bf1 Rg8+ 0-1

[Event "8th EUR-ch"]
[Site "Dresden GER"]
[Date "2007.04.09"]
[Round "7.111"]
[White "Romanov, Evgeny"]
[Black "Brendel, Oliver"]
[Result "1-0"]
[WhiteElo "2520"]
[BlackElo "2370"]
[EventDate "2007.04.03"]
[PlyCount "71"]

1.e4 c5 2.b3 d6 3.f4 Nc6 4.Bb2 e6 5.Nc3 Nf6 6.Qf3 a6 7.O-O-O Be7 8.g4 Nd4 
9.Qg2 Ra7 10.g5 Nh5 11.Nh3 b5 12.Be2 g6 13.f5 b4 14.Bxh5 gxh5 15.Ne2 e5 
16.Nhf4 Bxg5 17.Nxh5 f6 18.h4 Bh6 19.Rdg1 a5 20.Rh3 Ba6 21.Nxd4 cxd4 22.
Rg3 Rf8 23.Qf3 Qe7 24.Kb1 d3 25.cxd3 Rc7 26.d4 Qd7 27.Rg8 Qf7 28.dxe5 dxe5
29.d4 Rxg8 30.Rxg8+ Ke7 31.Rg1 Rd7 32.d5 Rc7 33.Qf2 Qxh5 34.Qb6 Rc8 35.
Qe6+ Kd8 36.Qd6+ 1-0

[Event "8th EUR-ch"]
[Site "Dresden GER"]
[Date "2007.04.09"]
[Round "7.113"]
[White "Zherebukh, Yaroslav"]
[Black "Dgebuadze, Alexandre"]
[Result "1/2-1/2"]
[WhiteElo "2365"]
[BlackElo "2510"]
[EventDate "2007.04.03"]
[PlyCount "55"]

1.e4 e6 2.d4 d5 3.Nc3 Bb4 4.e5 c5 5.a3 Bxc3+ 6.bxc3 Nc6 7.Qg4 g6 8.Qd1 Qa5
9.Bd2 Qa4 10.Nf3 c4 11.h4 h6 12.g3 Bd7 13.Bh3 O-O-O 14.Qc1 Re8 15.Kf1 Rh7 
16.Kg2 Kb8 17.Re1 Ka8 18.Bf4 Bc8 19.Re2 Qa5 20.a4 Qd8 21.Qa3 Rg7 22.Qc1 
Rh7 23.Re1 Rf8 24.Qa3 Re8 25.a5 Rg7 26.Qc1 Rh7 27.Qa3 Rg7 28.Qc1 1/2-1/2